000 00868cam a2200253 a 4500
001 2600956
005 20250523091852.0
008 980817s1998 txua b 001 0 eng
020 _a003024594X
050 0 0 _aHB615
_b.K87 1998
082 0 0 _a658.4/21
_221
100 1 _aKuratko, Donald F.
245 1 0 _aEntrepreneurship :
_ba contemporary approach /
_cDonald F. Kuratko, Richard M. Hodgetts.
250 _a4th ed.
260 _aFort Worth :
_bDryden Press,
_cc1998.
300 _axix, 701 p. :
_bill. ;
_c27 cm.
440 4 _aThe Dryden Press series in entrepreneurship
650 0 _aEntrepreneurship
_zUnited States.
650 0 _aNew business enterprises
_zUnited States.
650 0 _aSmall business
_zUnited States.
700 1 _aHodgetts, Richard M.
856 7 _3Table of contents
_uhttp://lcweb.loc.gov/catdir/toc/97-66401.html
_2http
942 _2lcc
_cBK
_n0
999 _c5927
_d5927